02154cam a2200373 i 450000100090000000300090000900500170001800800410003502000180007602000150009404000440010908200220015310000470017524500870022225000190030926400890032826400100041730000450042733600260047233700280049833800270052649000240055350000210057750001310059850506890072965000370141865000320145565000410148765300350152870000260156394200120158999900170160195201620161817633956EG-ScBUE20260125094821.0130220t2014 mdua fr 001 0 eng d a9781451175363 a1451175361 aDNLM/DLCbengerdacDLCdDLCdEG-ScBUE 04a572.8076222bLIE1 aLieberman, Michael,d1950-eauthor.93928710aBiochemistry, molecular biology, and genetics /cMichael A. Lieberman, Rick Ricer. aSixth edition. 1aBaltimore ;aPhiladelphia :bWolters Kluwer / Lippincott Williams & Wilkins,c[2014] 4cc2014 aix, 449 pages :billustrations ;c26 cm. 2rdacontentatextbtxt 2rdamediaaunmediatedbn 2rdacarrieravolumebnc0 aBoard review series aIncludes index.  aRev. ed. of: Biochemistry, molecular biology, and genetics / Todd A. Swanson, Sandra I. Kim, Marc J. Glucksman. 5th ed. c2010.0 aFuel metabolism and nutrition, basic principles -- Basic aspects of biochemistry : organic chemistry, acid-base chemistry, amino acids, protein structure and function, and enzyme kinetics -- Gene expression (transcription), synthesis of proteins (translation), and regulation of gene expression -- Cell biology, signal transduction, and the molecular biology of cancer -- Generation of ATP from metabolic fuels and oxygen toxicity -- Carbohydrate metabolism -- Lipid and ethanol metabolism -- Nitrogen metabolism? Amino acids, purines, pyrimidines, and products derived from amino acids -- Molecular endocrinology and overview of tissue metabolism -- Human genetics : an introduction. 7aMolecular biology.9389952BUEsh 7aBiochemistry.9183682BUEsh 7aClinical biochemistry.9366282BUEsh bENGGENcJune2015cFebruary20161 aRicer, Rick,eauthor. 2ddccBB c20109d20081 00102ddc40708ScientificaMAINbMAINc1STd2015-07-02ePurchaseg300.00h1091l4m20o572.8076 LIEp000039231r2025-07-15 00:00:00s2019-12-10v375.00yBB